La verdad del tradicionalismo / (Record no. 55910)

MARC details
000 -LEADER
campo de control de longitud fija 00568nam a2200181 i 4500
001 - NÚMERO DE CONTROL
campo de control 55910
003 - IDENTIFICADOR DE NÚMERO DE CONTROL
campo de control ES-MaACL
005 - FECHA Y HORA DE LA ÚLTIMA TRANSACCIÓN
campo de control 20250827063207.0
007 - CAMPO FIJO DE DESCRIPCIÓN FÍSICA--INFORMACIÓN GENERAL
campo de control de longitud fija t|
008 - DATOS DE LONGITUD FIJA--INFORMACIÓN GENERAL
campo de control de longitud fija 030930s1940 sp ||||1| spa d
100 1# - ENTRADA PRINCIPAL--NOMBRE DE PERSONA
Nombre de persona Casariego, J. E.,
Fechas asociadas al nombre 1913-1990
9 (RLIN) 36176
245 13 - MENCIÓN DEL TÍTULO
Título La verdad del tradicionalismo /
Mención de responsabilidad, etc. J.E. Casariego ; [prólogo de Esteban Bilbao].
260 ## - PUBLICACIÓN, DISTRIBUCIÓN, ETC.
Lugar de publicación, distribución, etc. Madrid :
Nombre del editor, distribuidor, etc. [s.n.],
Fecha de publicación, distribución, etc. 1940 (
Fabricante Talleres Gráficos)
300 ## - DESCRIPCIÓN FÍSICA
Extensión XXII, 304 p. ;
Dimensiones 20 cm.
700 1# - ENTRADA AGREGADA--NOMBRE PERSONAL
Nombre de persona Bilbao, Esteban.
9 (RLIN) 28862
852 ## - LOCALIZACIÓN
Ubicación ES-MaACL
Número de control de estantería A-5313
Sublocalización o colección R.18348
Holdings
Estatus retirado Estado de pérdida Estado de daño No para préstamo Biblioteca de origen Biblioteca actual Ubicación en estantería Fecha de adquisición Fuente de adquisición Total de préstamos Signatura topográfica completa Código de barras Visto por última vez Precio de reemplazo Tipo de ítem Koha
        Biblioteca del Ateneo de Madrid Biblioteca del Ateneo de Madrid Sala Pecera Planta 1 17/01/2008     A-5313 1058731 23/02/2023 23/02/2023 Libro impreso